Statistics for Movies based on Marvel Comics

Click here to take the quiz!

General Stats

  • This quiz has been taken 44 times
    (25 since last reset)
  • The average score is 59 of 86

Answer Stats

YearAnswer% Correct
1944Captain America
94%
1979Captain America
94%
1990Captain America
94%
2011Captain America: The First Avenger
94%
2014Captain America: The Winter Soldier
94%
2008Iron Man
94%
2002Spider-Man
94%
2004Spider-Man 2
94%
2007Spider-Man 3
94%
2012The Amazing Spider-Man
94%
2014The Amazing Spider-Man 2
94%
2011Thor
94%
2017Thor: Ragnarok
94%
2013Thor: The Dark World
94%
2000X-Men
94%
2015Ant-Man
88%
2018Ant-Man and the Wasp
88%
2019Avengers: Endgame
88%
2018Avengers: Infinity War
88%
1998Blade
88%
2002Blade II
88%
2004Blade: Trinity
88%
2016Captain America: Civil War
88%
2003Daredevil
88%
2016Doctor Strange
88%
2007Doctor Strange: The Sorcerer Supreme
88%
2005Elektra
88%
2005Fantastic Four
88%
2015Fantastic Four
88%
2014Guardians of the Galaxy
88%
2010Iron Man 2
88%
2013Iron Man 3
88%
2019Spider-Man: Far From Home
88%
2012The Avengers
88%
1989The Punisher
88%
2004The Punisher
88%
2003X2
88%
2015Avengers: Age of Ultron
82%
2021Black Widow
82%
2007Fantastic Four: Rise of the Silver Surfer
82%
2007Ghost Rider
82%
2017Guardians of the Galaxy Vol. 2
82%
1986Howard the Duck
82%
2003Hulk
82%
2016Hulk: Where Monsters Dwell
82%
2017Logan
82%
2017Spider-Man: Homecoming
82%
2008The Incredible Hulk
82%
2013The Wolverine
82%
2018Black Panther
76%
2019Captain Marvel
76%
2016Deadpool
76%
2018Deadpool 2
76%
2021Shang-Chi and the Legend of the Ten Rings
76%
2018Venom
76%
2014X-Men: Days of Future Past
76%
2011X-Men: First Class
76%
2006X-Men: The Last Stand
76%
2021Eternals
71%
2021Venom: Let There Be Carnage
71%
2016X-Men: Apocalypse
71%
2009X-Men Origins: Wolverine
71%
2008Punisher: War Zone
65%
2011Ghost Rider: Spirit of Vengeance
59%
1990The Death of the Incredible Hulk
59%
1988The Incredible Hulk Returns
59%
2020The New Mutants
59%
1989The Trial of the Incredible Hulk
59%
2019Dark Phoenix
53%
2005Man-Thing
53%
2014Big Hero 6
47%
2018Spider-Man: Into the Spider-Verse
41%
1979Captain America II: Death Too Soon
18%
2014Avengers Confidential: Black Widow & Punisher
0%
2009Hulk Versus
0%
2014Iron Man & Captain America: Heroes United
0%
2013Iron Man & Hulk: Heroes United
0%
2013Iron Man: Rise of Technovore
0%
2018Marvel Rising: Secret Warriors
0%
2015Marvel Super Hero Adventures: Frost Fight!
0%
2008Next Avengers: Heroes of Tomorrow
0%
2010Planet Hulk
0%
2007The Invincible Iron Man
0%
2011Thor: Tales of Asgard
0%
2006Ultimate Avengers
0%
2006Ultimate Avengers 2
0%

Score Distribution

Percentile by Number Answered

Percent of People with Each Score

Your Score History

You have not taken this quiz since the last reset